000 01176nam a22003497a 4500
003 CHAP
005 20220817040811.0
008 971013s1990 r 00010 d
010 _a520
011 _a1492
035 _a668
040 _cCHAP
090 _aTesis
100 0 0 _aPalacio Martínez, Víctor.
_984794
245 _aDiagnóstico nutricional del mango (Mangífera indica L.) cv. "oro" en la zona Tapanatepec - Chahuites del istmo Oaxaqueño
260 _aChapingo, Méx. :
_bEl autor,
_c1990
300 _a188 h.
_b: gráfs.
500 _a36-237
502 _aTesis (Ing. Agrónomo Esp. en Fitotecnia) -- UACH. Departamento de Fitotecnia
590 _aALEPH
_b10
_c20130110
_lUCH01
_h1205
590 _aBATCH-UPD
_b10
_c20130110
_lUCH01
_h1654
590 _aBATCH-UPD
_b10
_c20130410
_lUCH01
_h1043
590 _aBATCH-UPD
_b10
_c20130914
_lUCH01
_h1200
590 _aCONVERSION
_b10
_c20130109
_lUCH01
_h1302
650 1 4 _aDiagnóstico foliar.
_932394
650 1 4 _aMango
_xRendimiento.
_970455
650 1 4 _aMango
_zOaxaca.
_970461
710 _aUACH. Departamento de Fitotecnia
901 _aBK
942 _cTESIS
949 _bBC
_cTES
_d-10124
_eTS1
_h22713
_i668
_si
999 _c520
_d520